The change masters
Đã lưu trong:
| 主要作者: | |
|---|---|
| 格式: | 圖書 |
| 語言: | Undetermined |
| 出版: |
New York
Simon and Schuster
1983
|
| 主題: | |
| 標簽: |
添加標簽
沒有標簽, 成為第一個標記此記錄!
|
| Thư viện lưu trữ: | Trung tâm Học liệu Trường Đại học Cần Thơ |
|---|
| LEADER | 00455nam a2200169Ia 4500 | ||
|---|---|---|---|
| 001 | CTU_78166 | ||
| 008 | 210402s9999 xx 000 0 und d | ||
| 082 | |a 658.3 | ||
| 082 | |b K16 | ||
| 100 | |a Kanter, Rosabeth Moss | ||
| 245 | 4 | |a The change masters | |
| 245 | 0 | |c Rosabeth Moss Kanter | |
| 260 | |a New York | ||
| 260 | |b Simon and Schuster | ||
| 260 | |c 1983 | ||
| 650 | |a Organizational change | ||
| 980 | |a Trung tâm Học liệu Trường Đại học Cần Thơ | ||